La transferencia del currículum y la capacitación en la acción
Saved in:
| Corporate Authors: | , |
|---|---|
| Format: | Book |
| Language: | Spanish |
| Published: |
Santiago
Fundación Integra
2004
|
| Series: | Cuadernos Pedagógicos, 10
|
| Subjects: | |
| Tags: |
Add Tag
No Tags, Be the first to tag this record!
|
MARC
| LEADER | 00000cam a2200000 a 4500 | ||
|---|---|---|---|
| 001 | UCK7774 | ||
| 003 | CL-VaPUC | ||
| 008 | 051209e20040000CL |||||||||||||||||spa|d | ||
| 082 | 0 | 4 | |a 372.21 |b FUN |2 21 |
| 110 | 2 | |a Fundación Integra |e author |9 497388 | |
| 710 | 2 | |a Dirección de Estudiois y Programas |e author |9 497389 | |
| 245 | 1 | 3 | |a La transferencia del currículum y la capacitación en la acción |
| 246 | 1 | 3 | |a La reforma curricular en sala |
| 300 | |a 34 p | ||
| 942 | |c BK | ||
| 945 | |d 20051209 00:00:00 |a jtorresc | ||
| 260 | |a Santiago |b Fundación Integra |c 2004 | ||
| 500 | |a Material de apoyo para el desarrollo de reuniones técnicas | ||
| 650 | 0 | |a Educación preescolar |9 260381 | |
| 650 | 0 | |a Evaluación de la educación |9 237505 | |
| 650 | 0 | |a Planificación del currículo |9 269599 | |
| 650 | 0 | |a Capacitación docente |9 312871 | |
| 583 | |a last modification |c 20121226 01:54:58 |k Rodrigo Vera | ||
| 490 | 0 | |a Cuadernos Pedagógicos, 10 | |
| 999 | |c 315621 |d 315619 | ||
| 952 | |0 0 |1 0 |4 0 |6 372_210000000000000_FUN_2004 |7 0 |8 A |9 389123 |a BIBEDU |b BIBEDU |c ES_NOD |d 2019-11-22 |i 4191552 |o 372.21 FUN 2004 |p 4191552 |r 2023-08-09 |w 2019-11-22 |y BK |k PAR | ||
| 952 | |0 0 |1 0 |4 0 |6 372_210000000000000_FUN_2004 |7 0 |8 A |9 389124 |a BIBEDU |b BIBEDU |c ES_NOD |d 2019-11-22 |i 4938410 |o 372.21 FUN 2004 |p 4938410 |r 2023-08-09 |w 2019-11-22 |y BK |k EPE | ||
| 952 | |0 0 |1 0 |4 0 |6 372_210000000000000_FUN_2004 |7 0 |8 A |9 389125 |a BIBEDU |b BIBEDU |d 2019-11-22 |i 4938429 |o 372.21 FUN 2004 |p 4938429 |r 2019-11-22 |w 2019-11-22 |y BK |k EPE | ||
| 952 | |0 0 |1 0 |4 0 |6 372_210000000000000_FUN_2004 |7 0 |8 A |9 389126 |a BIBEDU |b BIBEDU |c ES_NOD |d 2019-11-22 |i 4938437 |o 372.21 FUN 2004 |p 4938437 |r 2023-08-09 |w 2019-11-22 |y BK |k EPE | ||
| 952 | |0 0 |1 0 |4 0 |6 372_210000000000000_FUN_2004 |7 0 |8 A |9 389127 |a BIBEDU |b BIBEDU |c ES_NOD |d 2019-11-22 |i 4938445 |o 372.21 FUN 2004 |p 4938445 |r 2023-08-09 |w 2019-11-22 |y BK |k EPE | ||
| 952 | |0 0 |1 0 |4 0 |6 372_210000000000000_FUN_2004 |7 0 |8 A |9 389128 |a BIBEDU |b BIBEDU |c ES_NOD |d 2019-11-22 |i 4938453 |o 372.21 FUN 2004 |p 4938453 |r 2023-08-09 |w 2019-11-22 |y BK |k EPE | ||
| 952 | |0 0 |1 0 |4 0 |6 372_210000000000000_FUN_2004 |7 0 |8 A |9 389129 |a BIBEDU |b BIBEDU |c ES_NOD |d 2019-11-22 |i 4938461 |o 372.21 FUN 2004 |p 4938461 |r 2023-08-09 |w 2019-11-22 |y BK |k EPE | ||
| 952 | |0 0 |1 0 |4 0 |6 372_210000000000000_FUN_2004 |7 0 |8 A |9 389130 |a BIBEDU |b BIBEDU |d 2019-11-22 |i 493847K |o 372.21 FUN 2004 |p 493847K |r 2019-11-22 |w 2019-11-22 |y BK |k EPE | ||